Descobreix que Barcelona és molt més [llibreta]
Descripción Física:
1 llibreta enquadernada ; 11 x 15 cm
Idioma:
Catalán
MARC
| LEADER | 00000nrm a22000007a 4500 | ||
|---|---|---|---|
| 001 | 27665 | ||
| 003 | Arxiu | ||
| 005 | 20260324181512.0 | ||
| 008 | 230404b spa||||| |||| 00| 0 cat d | ||
| 040 | |a agdb |b cat | ||
| 245 | |a Descobreix que Barcelona és molt més [llibreta] | ||
| 260 | |a [Barcelona : |b Diputació de Barcelona , |c 202?] | ||
| 300 | |a 1 llibreta enquadernada ; |c 11 x 15 cm | ||
| 610 | 2 | 0 | |9 51323 |a Barcelona és Molt Més |e marca turística |
| 655 | 0 | |9 54934 |a Llibretes | |
| 710 | |9 53579 |a Barcelona (Catalunya : Província). |b Oficina Tècnica de Turisme | ||
| 710 | 1 | |9 51402 |a Barcelona (Catalunya : Província). |b Oficina de Promoció Turística | |
| 942 | |2 udc |c ARXIU |n 1 | ||
| 952 | |0 0 |1 0 |2 udc |4 0 |6 NBM177 |7 1 |9 65977 |a Arxiu |b Arxiu |d 2023-04-04 |l 0 |o NBM-17-7 |p 27665 |r 2023-04-04 00:00:00 |w 2023-04-04 |y ARXIU | ||
| 999 | |c 83323 |d 83323 | ||